[Event "I. CLANSKA LIGA ZAHOD 2024"]
[Site "Komenda"]
[Date "2024.10.12"]
[Round "5.4"]
[White "Skok, Boris"]
[Black "Cvetkov, Risto"]
[Result "1-0"]
[WhiteElo "1956"]
[BlackElo "1746"]
[PlyCount "101"]
[EventDate "2024.09.27"]
[WhiteTeam "SK STARI MAYR KRANJ"]
[BlackTeam "SD SIJ ACRONI JESENICE"]

1. d4 e6 2. c4 c6 3. Nf3 h6 4. Nc3 Bb4 5. Bd2 Nf6 6. Qc2 d6 7. e4 O-O 8. Rd1
Nbd7 9. Be2 Qc7 10. a3 Bxc3 11. Bxc3 a5 12. e5 Ne8 13. O-O f5 14. Rfe1 b6 15.
Bf1 Ba6 16. exd6 Nxd6 17. b3 Rae8 18. Bb2 Ne4 19. Bd3 Nef6 20. Re2 Bc8 21. Rde1
Kf7 22. h3 g6 23. Qd2 Ng8 24. Qc3 Ngf6 25. Ne5+ Nxe5 26. Rxe5 Nd7 27. R5e2 Qd8
28. d5 Nf6 29. dxc6 g5 30. Rd2 Kg7 31. Bxf5 Qc7 32. Bc2 Rd8 33. Rxd8 Qxd8 34.
Rd1 Qe7 35. Qd3 Kg8 36. Be5 Qg7 37. b4 h5 38. b5 Qh6 39. Qe3 h4 40. Rd4 Qh5 41.
Bxf6 Rxf6 42. Rd8+ Rf8 43. Rxf8+ Kxf8 44. Qf3+ Qxf3 45. gxf3 Ke7 46. c5 bxc5
47. b6 Kd6 48. b7 Kc7 49. bxc8=Q+ Kxc8 50. Kf1 Kc7 51. Be4 1-0

[Event "I. CLANSKA LIGA ZAHOD 2024"]
[Site "Komenda"]
[Date "2024.10.12"]
[Round "5.5"]
[White "Stevanic, David"]
[Black "Brezovar, Matjaz"]
[Result "1/2-1/2"]
[WhiteElo "2242"]
[BlackElo "2182"]
[PlyCount "110"]
[EventDate "2024.09.27"]
[WhiteTeam "SK KOCEVJE"]
[BlackTeam "SK DOLENJSKE TOPLICE"]

1. e4 g6 2. d4 Bg7 3. Nc3 d5 4. exd5 Nf6 5. Bc4 Nbd7 6. Nge2 Nb6 7. Bb3 Nbxd5
8. Nxd5 Nxd5 9. O-O O-O 10. Re1 c6 11. Ng3 Be6 12. h4 Nc7 13. c3 Bxb3 14. Qxb3
b6 15. h5 Re8 16. Bg5 Bf6 17. Bxf6 exf6 18. h6 f5 19. Rxe8+ Qxe8 20. c4 f4 21.
Nf1 Rd8 22. Rd1 Qf8 23. Qa4 Qxh6 24. Qxa7 Ne6 25. d5 cxd5 26. cxd5 Nf8 27. Qxb6
Qg5 28. Qb3 Qe5 29. Nh2 Rb8 30. Nf3 Rxb3 31. Nxe5 Rxb2 32. d6 Re2 33. d7 Nxd7
34. Nxd7 Rxa2 35. Rd4 g5 36. Rd5 h6 37. Rd6 Kg7 38. Nf6 Ra1+ 39. Kh2 Re1 40.
Nh5+ Kh7 41. g3 fxg3+ 42. Nxg3 Re6 43. Rxe6 fxe6 44. Kh3 Kg6 45. Kg4 Kf6 46.
Kf3 Kg6 47. Ke4 h5 48. Nf1 g4 49. Kf4 Kf6 50. Ne3 e5+ 51. Kg3 Kg5 52. Ng2 Kf5
53. Kh4 Ke4 54. Ne1 Kf4 55. Kxh5 g3 1/2-1/2

[Event "I. CLANSKA LIGA ZAHOD 2024"]
[Site "Komenda"]
[Date "2024.10.12"]
[Round "5.5"]
[White "Luzar, Emil"]
[Black "Acimovic, Sergej"]
[Result "0-1"]
[WhiteElo "2116"]
[BlackElo "2120"]
[PlyCount "66"]
[EventDate "2024.09.27"]
[WhiteTeam "SK DOLENJSKE TOPLICE"]
[BlackTeam "SK KOCEVJE"]

1. e4 c5 2. Nc3 Nc6 3. f4 g6 4. Nf3 Bg7 5. Bb5 Nd4 6. Nxd4 cxd4 7. Nb1 Nf6 8.
Qe2 O-O 9. O-O Qb6 10. Kh1 Nxe4 11. Bc4 Nd6 12. Bb3 Qc6 13. d3 b6 14. Nd2 Bb7
15. Nf3 Nf5 16. Ne5 Qc7 17. Bd2 Nh4 18. Nxf7 e6 19. Ng5 Bxg2+ 20. Kg1 Bxf1 21.
Rxf1 Qc6 22. Qg4 Nf5 23. Rf3 a5 24. a4 Nh6 25. Qh3 Rf5 26. Rf2 Raf8 27. Qg3 Kh8
28. Ne4 Ng8 29. Qh4 Nf6 30. Ng3 Rc5 31. f5 exf5 32. Re2 Qf3 33. Qxd4 Ne4 0-1

[Event "I. CLANSKA LIGA ZAHOD 2024"]
[Site "Komenda"]
[Date "2024.10.12"]
[Round "5.5"]
[White "Bajo, Tin"]
[Black "Stubljar, Andrej"]
[Result "1-0"]
[WhiteElo "2007"]
[BlackElo "2017"]
[PlyCount "127"]
[EventDate "2024.09.27"]
[WhiteTeam "SK KOCEVJE"]
[BlackTeam "SK DOLENJSKE TOPLICE"]

1. e4 c5 2. Nf3 Nc6 3. Bb5 d6 4. O-O e5 5. h3 Be6 6. c3 a6 7. Bxc6+ bxc6 8. d4
cxd4 9. cxd4 Qc7 10. Nc3 Ne7 11. Be3 f6 12. Rc1 Qb7 13. dxe5 dxe5 14. b3 g5 15.
Nh2 h5 16. Qd6 Kf7 17. Na4 Nf5 18. Qxc6 Qxc6 19. Rxc6 Nxe3 20. fxe3 g4 21. Nb6
Ra7 22. Nd5 Bg7 23. h4 Rd8 24. Rc5 Rd6 25. Rfc1 Rad7 26. Nc7 Rd1+ 27. Nf1 Bh6
28. Kf2 g3+ 29. Kxg3 Bg4 30. Nd5 Rxc1 31. Rxc1 f5 32. Rc6 Kg7 33. Rc7 Rxc7 34.
Nxc7 Kf7 35. Kf2 a5 36. Nb5 Bf8 37. exf5 Bxf5 38. Nd2 Bd3 39. Nc4 Kf6 40. Nc3
Kf5 41. e4+ Ke6 42. Kf3 Bb4 43. Ne2 a4 44. Nb2 axb3 45. axb3 Bc2 46. Nc1 Bd2
47. Ncd3 Bc3 48. b4 Bd4 49. g4 hxg4+ 50. Kxg4 Bxb2 51. Nxb2 Bxe4 52. Nd1 Bd3
53. Nc3 Kd6 54. Kg5 Kc6 55. h5 Kd6 56. h6 Kc6 57. Kf6 Kd6 58. b5 Bh7 59. b6 Kc6
60. Kxe5 Kxb6 61. Ne2 Kc5 62. Nf4 Kc6 63. Kf6 Kd7 64. Kg7 1-0

[Event "I. CLANSKA LIGA ZAHOD 2024"]
[Site "Komenda"]
[Date "2024.10.12"]
[Round "5.5"]
[White "Pucelj, Joze"]
[Black "Mestek, Igor"]
[Result "0-1"]
[WhiteElo "1986"]
[BlackElo "2080"]
[PlyCount "80"]
[EventDate "2024.09.27"]
[WhiteTeam "SK DOLENJSKE TOPLICE"]
[BlackTeam "SK KOCEVJE"]

1. Nf3 Nf6 2. d4 d5 3. Bf4 e6 4. e3 Nbd7 5. Bd3 c5 6. c3 b6 7. Nbd2 Bb7 8. Ne5
Be7 9. O-O O-O 10. Qf3 a6 11. Qh3 Re8 12. f3 b5 13. g4 Nf8 14. dxc5 Bxc5 15.
Nb3 Be7 16. Nd4 Rc8 17. a3 N6d7 18. Nxd7 Qxd7 19. Qg2 Bc5 20. Nb3 Bb6 21. Qe2
g6 22. Be5 Qe7 23. Bd4 Nd7 24. Rfc1 e5 25. Bxb6 Nxb6 26. e4 dxe4 27. fxe4 Red8
28. Na5 Ba8 29. Rd1 Na4 30. Rab1 Qf6 31. Nb3 Rd6 32. Qf2 Qg5 33. Qg3 Rcd8 34.
Bc2 Rxd1+ 35. Rxd1 Rxd1+ 36. Bxd1 Nxb2 37. Bc2 Nc4 38. h4 Qe7 39. h5 Qg5 40.
hxg6 hxg6 0-1

[Event "I. CLANSKA LIGA ZAHOD 2024"]
[Site "Komenda"]
[Date "2024.10.12"]
[Round "5.5"]
[White "Gasparac, Gregor"]
[Black "Janko, Roman"]
[Result "1-0"]
[WhiteElo "2087"]
[BlackElo "1917"]
[PlyCount "144"]
[EventDate "2024.09.27"]
[WhiteTeam "SK KOCEVJE"]
[BlackTeam "SK DOLENJSKE TOPLICE"]

1. e4 c5 2. Nf3 e6 3. c3 d5 4. exd5 exd5 5. d4 Nc6 6. Bb5 Be6 7. O-O Nf6 8. Ne5
Rc8 9. Bf4 Qb6 10. Bxc6+ bxc6 11. b3 Be7 12. dxc5 Bxc5 13. b4 Be7 14. a3 O-O
15. Nd2 c5 16. Nb3 Ne4 17. Rc1 cxb4 18. cxb4 Rxc1 19. Bxc1 Rc8 20. Be3 Qa6 21.
Qa1 Rc3 22. Na5 Qd6 23. Bd4 Rc7 24. Rc1 Bf6 25. Rxc7 Qxc7 26. Nec6 Qf4 27. Qb2
Bxd4 28. Nxd4 Qc7 29. Qc2 Qxc2 30. Nxc2 Bd7 31. f3 Nc3 32. Kf2 Kf8 33. Ke3 Ke7
34. Kd4 Nb1 35. Kxd5 Ba4 36. Nc6+ Kd7 37. N6d4 Kc7 38. Kc5 a6 39. b5 axb5 40.
Nxb5+ Kd7 41. Nbd4 Nxa3 42. Nxa3 Ke7 43. Kd5 Kf6 44. Nc4 h5 45. Nd6 Bd1 46. h4
Ba4 47. Ke4 Bd7 48. Kf4 Kg6 49. Ne2 f6 50. Ng3 Be6 51. Ngf5 Bd7 52. Ne7+ Kh6
53. Ne4 Bb5 54. Nf5+ Kg6 55. Nc5 Bc4 56. Ne4 Bf1 57. Ne3 Bb5 58. Ng3 Be8 59.
Nef5 Bf7 60. Ne7+ Kh6 61. Kf5 Kh7 62. Ne4 Kh6 63. Nxf6 gxf6 64. Kxf6 Bc4 65. g4
hxg4 66. fxg4 Be2 67. Nf5+ Kh7 68. g5 Bc4 69. h5 Bb3 70. g6+ Kg8 71. Nh6+ Kh8
72. Nf7+ Kg8 1-0

[Event "I. CLANSKA LIGA ZAHOD 2024"]
[Site "Komenda"]
[Date "2024.10.12"]
[Round "5.5"]
[White "Janko, Marko"]
[Black "Acimovic, Dejan"]
[Result "0-1"]
[WhiteElo "1708"]
[BlackElo "1932"]
[PlyCount "62"]
[EventDate "2024.09.27"]
[WhiteTeam "SK DOLENJSKE TOPLICE"]
[BlackTeam "SK KOCEVJE"]

1. e4 d6 2. d4 Nf6 3. Nc3 e5 4. dxe5 dxe5 5. Qxd8+ Kxd8 6. Bg5 Be6 7. f4 h6 8.
Bxf6+ gxf6 9. f5 Bd7 10. Bc4 Be8 11. Nd5 Nd7 12. O-O-O Kc8 13. Ne2 c6 14. Ndc3
b5 15. Bb3 h5 16. Kb1 Nc5 17. Rd2 b4 18. Nd1 Nxe4 19. Rd3 Nc5 20. Re3 Nxb3 21.
Rxb3 Kc7 22. Nf2 Rd8 23. Ne4 Be7 24. Rh3 Bd7 25. Rf3 c5 26. Rf2 Bc6 27. N4g3 h4
28. Nf1 Rd1+ 29. Nc1 h3 30. Rg1 hxg2 31. Rd2 gxf1=Q 0-1

[Event "I. CLANSKA LIGA ZAHOD 2024"]
[Site "Komenda"]
[Date "2024.10.13"]
[Round "6.1"]
[White "Furlan, Miha"]
[Black "Luzar, Emil"]
[Result "1/2-1/2"]
[WhiteElo "2214"]
[BlackElo "2116"]
[PlyCount "62"]
[EventDate "2024.09.27"]
[WhiteTeam "SK TREBNJE BMP"]
[BlackTeam "SK DOLENJSKE TOPLICE"]

1. e4 c5 2. Nf3 d6 3. Bb5+ Bd7 4. Bxd7+ Qxd7 5. c4 e5 6. Nc3 g6 7. d3 Bg7 8. a3
Nc6 9. Rb1 Nge7 10. b4 O-O 11. O-O f5 12. bxc5 dxc5 13. Nd5 fxe4 14. dxe4 Nd4
15. Nxd4 cxd4 16. Qb3 Nxd5 17. cxd5 b6 18. Bd2 Rfc8 19. Rfc1 Bf8 20. Bb4 Bxb4
21. axb4 Kg7 22. b5 Rc5 23. Rxc5 bxc5 24. Qc4 Rc8 25. h3 Qf7 26. Ra1 Rc7 27.
Ra3 Qe7 28. Ra6 Qh4 29. Rc6 Rf7 30. Qe2 d3 31. Qe3 Qf4 1/2-1/2

[Event "I. CLANSKA LIGA ZAHOD 2024"]
[Site "Komenda"]
[Date "2024.10.13"]
[Round "6.1"]
[White "Stubljar, Andrej"]
[Black "Brcar, Ales"]
[Result "0-1"]
[WhiteElo "2017"]
[BlackElo "2182"]
[PlyCount "96"]
[EventDate "2024.09.27"]
[WhiteTeam "SK DOLENJSKE TOPLICE"]
[BlackTeam "SK TREBNJE BMP"]

1. d4 d5 2. h4 Nf6 3. Bg5 Nbd7 4. Nc3 h6 5. Bf4 c5 6. e3 Qa5 7. Nf3 e6 8. dxc5
Bxc5 9. Bb5 Bb4 10. O-O Bxc3 11. Bxd7+ Bxd7 12. bxc3 Qxc3 13. Be5 Qc4 14. Nd4
O-O 15. Rb1 b6 16. Bd6 Rfc8 17. Rb4 Qxa2 18. Be5 Ne8 19. Qg4 Rc4 20. Rxc4 Qxc4
21. Bf4 Nf6 22. Qd1 Ba4 23. Qa1 Nd7 24. Bd6 b5 25. Re1 a5 26. f4 Nf6 27. f5 Ne4
28. fxe6 Nxd6 29. exf7+ Nxf7 30. Rf1 Re8 31. Rxf7 Kxf7 32. Nf5 Qg4 33. Nd6+ Kf8
34. Qf1+ Ke7 35. Qf7+ Kxd6 36. Qxe8 Qe4 37. Qd8+ Ke6 38. Qg8+ Kf6 39. h5 Qxe3+
40. Kf1 Qc1+ 41. Kf2 Qxc2+ 42. Kf1 Qd1+ 43. Kf2 Qxh5 44. Qd8+ Kf7 45. Qd7+ Kg8
46. Qc8+ Kh7 47. g4 Qh2+ 48. Ke3 Qc2 0-1

[Event "I. CLANSKA LIGA ZAHOD 2024"]
[Site "Komenda"]
[Date "2024.10.13"]
[Round "6.1"]
[White "Opara, Jan"]
[Black "Pucelj, Joze"]
[Result "1/2-1/2"]
[WhiteElo "2072"]
[BlackElo "1986"]
[PlyCount "61"]
[EventDate "2024.09.27"]
[WhiteTeam "SK TREBNJE BMP"]
[BlackTeam "SK DOLENJSKE TOPLICE"]

1. d4 Nf6 2. c4 c5 3. d5 g6 4. Nc3 Bg7 5. e4 d6 6. h3 e6 7. Nf3 exd5 8. exd5
O-O 9. Bd3 Re8+ 10. Be3 Nbd7 11. O-O Nh5 12. Qd2 Ne5 13. Nxe5 Rxe5 14. Ne4 Bf5
15. Nc3 Bxd3 16. Qxd3 f5 17. Rae1 Qd7 18. Bd2 Rae8 19. Rxe5 Rxe5 20. Re1 a6 21.
Rxe5 Bxe5 22. b3 Nf6 23. Ne2 Ne4 24. Nf4 Nxd2 25. Qxd2 Bxf4 26. Qxf4 Qe7 27. g4
fxg4 28. Qxg4 Kg7 29. Kg2 b5 30. a4 bxa4 31. bxa4 1/2-1/2

[Event "I. CLANSKA LIGA ZAHOD 2024"]
[Site "Komenda"]
[Date "2024.10.13"]
[Round "6.1"]
[White "Janko, Roman"]
[Black "Mejak, George"]
[Result "*"]
[WhiteElo "1917"]
[BlackElo "2047"]
[PlyCount "97"]
[EventDate "2024.09.27"]
[WhiteTeam "SK DOLENJSKE TOPLICE"]
[BlackTeam "SK TREBNJE BMP"]

1. e4 e5 2. Bc4 Bc5 3. Qh5 Qf6 4. Nf3 d6 5. d3 g6 6. Qh4 Qxh4 7. Nxh4 h6 8. Be3
Bb6 9. Nc3 c6 10. a4 Ne7 11. O-O g5 12. Nf3 Bg4 13. Nd2 Nd7 14. Bxb6 axb6 15.
f3 Bh5 16. Bb3 Kd8 17. Nc4 Kc7 18. Ne3 Bg6 19. g4 Ra7 20. Kg2 Rha8 21. Bc4 b5
22. Bxb5 cxb5 23. Nxb5+ Kc6 24. Nxa7+ Rxa7 25. Kf2 Nc5 26. b3 Ne6 27. Ke2 f6
28. Kd2 Bf7 29. c4 Nd4 30. Kc3 Ne2+ 31. Kb2 Kc5 32. Nc2 Nc6 33. Ka3 Ncd4 34.
b4+ Kc6 35. Nxd4+ exd4 36. Kb3 b6 37. Rh1 Kd7 38. h4 Ke6 39. hxg5 hxg5 40. Rh8
Ke5 41. Rb8 Kf4 42. Rxb6 Ke3 43. Kc2 Bxc4 44. dxc4 d3+ 45. Kb2 Rc7 46. a5 Rxc4
47. a6 Rc2+ 48. Ka3 d2 49. Rxd6 *

[Event "I. CLANSKA LIGA ZAHOD 2024"]
[Site "Komenda"]
[Date "2024.10.13"]
[Round "6.1"]
[White "Vospernik, Andrej"]
[Black "Janko, Marko"]
[Result "0-1"]
[WhiteElo "2009"]
[BlackElo "1708"]
[PlyCount "106"]
[EventDate "2024.09.27"]
[WhiteTeam "SK TREBNJE BMP"]
[BlackTeam "SK DOLENJSKE TOPLICE"]

1. e4 e5 2. d4 exd4 3. c3 dxc3 4. Bc4 Nc6 5. Nf3 Bc5 6. Bxf7+ Kxf7 7. Qd5+ Kf8
8. Qxc5+ d6 9. Qxc3 Nf6 10. Bg5 Nxe4 11. Bxd8 Nxc3 12. Bxc7 Nb5 13. Bxd6+ Nxd6
14. Nc3 Bg4 15. O-O-O Nf7 16. Rhe1 Bxf3 17. gxf3 Rd8 18. Nd5 g6 19. Nf4 Rxd1+
20. Rxd1 Nfe5 21. Ne6+ Ke7 22. Nc5 b6 23. Ne4 Nxf3 24. Rd3 Nce5 25. Rc3 Rd8 26.
h3 Rd4 27. Re3 Rd3 28. Re2 Rd4 29. Re3 Ke6 30. Kc2 Rc4+ 31. Kd1 h6 32. a3 Ng5
33. Nd2 Rd4 34. Ke2 Kf5 35. Rb3 Rh4 36. Rc3 Rxh3 37. Rc7 Ne4 38. Nf1 Rb3 39.
Ne3+ Ke6 40. Nd1 a5 41. f4 Nd7 42. Ne3 Rxb2+ 43. Kf3 Nec5 44. Rc6+ Kf7 45. Nd5
Rb3+ 46. Kg4 h5+ 47. Kh4 Rd3 48. Nc7 Rf3 49. Nd5 Rxa3 50. f5 Ra4+ 51. Kg5 Ne4+
52. Kh6 gxf5 53. Kxh5 Ra1 0-1

[Event "I. CLANSKA LIGA ZAHOD 2024"]
[Site "Komenda"]
[Date "2024.10.13"]
[Round "6.3"]
[White "Pavlin, Ivan"]
[Black "Debevec, Blaz"]
[Result "0-1"]
[WhiteElo "1906"]
[BlackElo "2066"]
[PlyCount "112"]
[EventDate "2024.09.27"]
[WhiteTeam "SD SIJ ACRONI JESENICE"]
[BlackTeam "SD DOMZALE"]

1. d4 Nf6 2. c4 c5 3. e3 g6 4. Nf3 Bg7 5. Nc3 O-O 6. Be2 d5 7. dxc5 dxc4 8.
Qxd8 Rxd8 9. Bxc4 Nbd7 10. Ng5 Ne5 11. Bb3 h6 12. Nf3 Nd3+ 13. Ke2 Nxc5 14. Nd4
b6 15. Bc4 Bb7 16. f3 Rac8 17. Bd2 Nce4 18. Nxe4 Nxe4 19. fxe4 Rxc4 20. Bc3
Bxe4 21. Rhg1 e5 22. Nb3 Bd3+ 23. Kf2 Bc2 24. Rgc1 Bf5 25. Rd1 Rcc8 26. h3 h5
27. Ke2 Be6 28. Nd2 Bd5 29. Nf3 f6 30. a3 Bh6 31. Rac1 Bc4+ 32. Kf2 Bb3 33.
Rxd8+ Rxd8 34. Re1 Kf7 35. Nd2 Bd5 36. Rc1 Rd7 37. Rd1 Ke6 38. Rc1 a5 39. Re1
Bf8 40. g3 Rc7 41. h4 Bd6 42. e4 Bb7 43. Ra1 Bc5+ 44. Ke2 f5 45. Nf3 Bd6 46.
Ng5+ Ke7 47. Nf3 Bxe4 48. Nxe5 Rxc3 49. Nxg6+ Kf6 50. bxc3 Kxg6 51. Ke3 Kf6 52.
Kf2 Ke5 53. Ke3 Bc5+ 54. Ke2 a4 55. Ra2 Kd5 56. Rb2 Kc4 0-1

[Event "I. ČLANSKA LIGA ZAHOD 2024"]
[Site "Komenda"]
[Date "2024.10.13"]
[Round "6.3"]
[White "Turek, Lan Timotej"]
[Black "Ravnik, Franc"]
[Result "1-0"]
[WhiteElo "2017"]
[BlackElo "1847"]
[PlyCount "57"]
[EventDate "2024.09.27"]
[WhiteTeam "SD DOMZALE"]
[BlackTeam "SD SIJ ACRONI JESENICE"]

1. e4 c5 2. c3 d6 3. d4 cxd4 4. cxd4 g6 5. Nc3 Bg7 6. h3 Nf6 7. Nf3 O-O 8. Be2
b6 9. O-O Bb7 10. d5 Nbd7 11. Nd4 Rc8 12. Bb5 a6 13. Bc6 Bxc6 14. Nxc6 Qe8 15.
Be3 b5 16. Re1 Nb8 17. Nxb8 Rxb8 18. Bd4 Qd7 19. Qd3 Rfc8 20. e5 dxe5 21. Bxe5
Rb7 22. Rad1 Rd8 23. b4 Qc8 24. Rc1 Qd7 25. Red1 Nh5 26. Bxg7 Nxg7 27. Ne4 Rb6
28. d6 exd6 29. Nf6+ 1-0

[Event "I. ČLANSKA LIGA ZAHOD 2024"]
[Site "Komenda"]
[Date "2024.10.13"]
[Round "6.3"]
[White "Kokalj, Janez"]
[Black "Markosek, Maj"]
[Result "0-1"]
[WhiteElo "1666"]
[BlackElo "1986"]
[PlyCount "96"]
[EventDate "2024.09.27"]
[WhiteTeam "SD SIJ ACRONI JESENICE"]
[BlackTeam "SD DOMZALE"]

1. e4 e5 2. Nf3 Nc6 3. d4 exd4 4. Bc4 Nf6 5. e5 d5 6. Bb5 Ne4 7. Nxd4 Bd7 8.
Nxc6 bxc6 9. Bd3 Nc5 10. Be2 Be7 11. O-O O-O 12. c3 f6 13. exf6 Bxf6 14. Be3
Ne4 15. Nd2 Nxd2 16. Qxd2 Be5 17. Bg5 Qe8 18. Rae1 Qf7 19. Bd3 Bd6 20. Bh4 Rae8
21. Rxe8 Rxe8 22. Bg3 Bxg3 23. fxg3 Qe7 24. Qc2 g6 25. h3 c5 26. b3 Rf8 27.
Rxf8+ Qxf8 28. Kh2 Qf6 29. Qd2 Qe5 30. Qc2 Kg7 31. Qe2 Qxe2 32. Bxe2 d4 33.
cxd4 cxd4 34. Bd3 Bf5 35. Bxf5 gxf5 36. Kg1 Kf6 37. Kf2 Ke5 38. Ke2 Ke4 39. Kd2
d3 40. g4 fxg4 41. hxg4 h6 42. b4 Kd4 43. a4 Kc4 44. b5 Kd4 45. a5 Kc4 46. b6
cxb6 47. axb6 axb6 48. g3 b5 0-1

[Event "I. ČLANSKA LIGA ZAHOD 2024"]
[Site "Komenda"]
[Date "2024.10.13"]
[Round "6.4"]
[White "Rusjan, Miran"]
[Black "Gantar, Jan"]
[Result "0-1"]
[WhiteElo "2259"]
[BlackElo "2169"]
[PlyCount "30"]
[EventDate "2024.09.27"]
[WhiteTeam "SK NOVA GORICA"]
[BlackTeam "SK KOMENDA"]

1. d4 Nf6 2. c4 c5 3. d5 e6 4. Nc3 exd5 5. cxd5 d6 6. e4 g6 7. Bd3 Bg7 8. Nge2
O-O 9. O-O a6 10. a4 Qc7 11. h3 Nbd7 12. Ng3 h5 13. Re1 Rb8 14. a5 c4 15. Bc2
Re8 0-1

[Event "I. ČLANSKA LIGA ZAHOD 2024"]
[Site "Komenda"]
[Date "2024.10.13"]
[Round "6.4"]
[White "Lucovnik, Tilen"]
[Black "Herega, Nejc"]
[Result "1/2-1/2"]
[WhiteElo "2169"]
[BlackElo "2196"]
[PlyCount "43"]
[EventDate "2024.09.27"]
[WhiteTeam "SK KOMENDA"]
[BlackTeam "SK NOVA GORICA"]

1. e4 c5 2. c3 d5 3. exd5 Qxd5 4. d4 Nc6 5. Nf3 Bf5 6. Be3 cxd4 7. Nxd4 Nf6 8.
Nd2 Nxd4 9. Bxd4 e5 10. Be3 Be7 11. Nc4 O-O 12. Qxd5 Nxd5 13. O-O-O Rfd8 14.
Bd2 Rac8 15. Be1 Bg5+ 16. Bd2 Be7 17. Be1 Bg5+ 18. Bd2 Be7 19. Be1 Bg5+ 20. Bd2
Be7 21. Be1 Bg5+ 22. Bd2 1/2-1/2

[Event "I. ČLANSKA LIGA ZAHOD 2024"]
[Site "Komenda"]
[Date "2024.10.13"]
[Round "6.4"]
[White "Gregoric, Andraz"]
[Black "Keber, Aljosa"]
[Result "1-0"]
[WhiteElo "2175"]
[BlackElo "2103"]
[PlyCount "71"]
[EventDate "2024.09.27"]
[WhiteTeam "SK NOVA GORICA"]
[BlackTeam "SK KOMENDA"]

1. e4 e5 2. Nf3 Nc6 3. Bb5 a6 4. Ba4 f5 5. d4 exd4 6. e5 b5 7. Bb3 Na5 8. O-O
Bb7 9. Nxd4 Nxb3 10. axb3 Qh4 11. Nc3 Ne7 12. Qd3 b4 13. Nce2 Qe4 14. Qxe4 Bxe4
15. Ng3 Bb7 16. Ndxf5 Nxf5 17. Nxf5 g6 18. Ng3 Bg7 19. Ra5 O-O 20. Bd2 Rfe8 21.
f4 d6 22. Re1 g5 23. Nf5 gxf4 24. exd6 Rxe1+ 25. Bxe1 cxd6 26. Nxd6 Bc6 27.
Bxb4 Bd4+ 28. Kf1 h6 29. Nf5 Bb6 30. Ne7+ Kf7 31. Rf5+ Ke6 32. Rh5 Bb5+ 33. c4
a5 34. Ba3 Rd8 35. Rxh6+ Ke5 36. Rxb6 1-0

[Event "I. ČLANSKA LIGA ZAHOD 2024"]
[Site "Komenda"]
[Date "2024.10.13"]
[Round "6.4"]
[White "Zidar, Jernej"]
[Black "Sundac, Ivano"]
[Result "1/2-1/2"]
[WhiteElo "2055"]
[BlackElo "2193"]
[PlyCount "96"]
[EventDate "2024.09.27"]
[WhiteTeam "SK KOMENDA"]
[BlackTeam "SK NOVA GORICA"]

1. d4 d5 2. c4 e6 3. Nf3 Nf6 4. g3 dxc4 5. Bg2 Bb4+ 6. Bd2 a5 7. Qc2 b5 8. a4
c6 9. axb5 Bxd2+ 10. Nfxd2 Nd5 11. bxc6 Nxc6 12. Qxc4 Ncb4 13. Qb3 Rb8 14. Na3
O-O 15. Ndc4 Ba6 16. O-O Nc6 17. Qd1 Rb4 18. Rc1 Qb8 19. Re1 Rd8 20. e3 h6 21.
Qh5 a4 22. g4 Nf6 23. Qh4 Ne7 24. Rc2 Ng6 25. Qh3 e5 26. dxe5 Nxe5 27. Nxe5
Qxe5 28. f4 Qb8 29. g5 hxg5 30. fxg5 Nh7 31. g6 Nf6 32. gxf7+ Kxf7 33. Rec1 Qe5
34. Rc5 Rd1+ 35. Rxd1 Qxc5 36. Qf3 Qe7 37. Qf2 Qc5 38. Rd7+ Kg6 39. Rd4 Rb3 40.
e4 Ng4 41. Qf5+ Qxf5 42. exf5+ Kxf5 43. Rxa4 Be2 44. Nc4 Bxc4 45. Rxc4 Rxb2 46.
Bh3 Rb1+ 47. Kg2 Rb2+ 48. Kg1 Rb1+ 1/2-1/2

[Event "I. ČLANSKA LIGA ZAHOD 2024"]
[Site "Komenda"]
[Date "2024.10.13"]
[Round "6.4"]
[White "Markocic, Tine"]
[Black "Perme, Martin"]
[Result "1/2-1/2"]
[WhiteElo "2077"]
[BlackElo "1902"]
[PlyCount "66"]
[EventDate "2024.09.27"]
[WhiteTeam "SK NOVA GORICA"]
[BlackTeam "SK KOMENDA"]

1. c4 Nf6 2. Nc3 g6 3. e4 d6 4. g3 c5 5. Bg2 Nc6 6. d3 Bg7 7. Nge2 O-O 8. O-O
Rb8 9. Rb1 Bd7 10. h3 a6 11. a4 Qc8 12. Kh2 Na7 13. b4 cxb4 14. Rxb4 b5 15.
axb5 axb5 16. Be3 bxc4 17. Rxc4 Qa6 18. Rc7 Nb5 19. Nxb5 Qxb5 20. Nd4 Qa5 21.
Rxd7 Nxd7 22. Nc6 Qb5 23. Nxe7+ Kh8 24. d4 Rfe8 25. Nd5 Qb3 26. Qf3 Nb6 27. Nf6
Re6 28. e5 Nc4 29. Nd7 Rbe8 30. d5 Nxe5 31. Nxe5 Rxe5 32. Qxf7 Rxe3 33. fxe3
Qxe3 1/2-1/2

[Event "I. ČLANSKA LIGA ZAHOD 2024"]
[Site "Komenda"]
[Date "2024.10.13"]
[Round "6.4"]
[White "Novak, Anze"]
[Black "Loviscek, Matjaz"]
[Result "0-1"]
[WhiteElo "1823"]
[BlackElo "1995"]
[PlyCount "72"]
[EventDate "2024.09.27"]
[WhiteTeam "SK KOMENDA"]
[BlackTeam "SK NOVA GORICA"]

1. d4 Nf6 2. c4 e6 3. Nf3 b6 4. Nc3 Bb7 5. e3 Be7 6. Bd3 d5 7. b3 O-O 8. O-O
Nbd7 9. Bb2 Ne4 10. Rc1 f5 11. cxd5 exd5 12. Qe2 a6 13. Nd2 Ndf6 14. f3 Nxd2
15. Qxd2 Qd7 16. Ne2 Bd6 17. Qc2 g6 18. Nc3 Rae8 19. Rce1 Re7 20. e4 fxe4 21.
fxe4 Bb4 22. e5 Ne8 23. Rxf8+ Kxf8 24. Rf1+ Rf7 25. Rxf7+ Qxf7 26. Qe2 Qf4 27.
Nd1 a5 28. g3 Qf7 29. Bc1 Ng7 30. Bh6 Kg8 31. Bc1 Ne6 32. a3 Nxd4 33. Qg4 Nf3+
34. Kg2 Nxe5 35. Qd4 Qf3+ 36. Kh3 Bc8+ 0-1

[Event "I. ČLANSKA LIGA ZAHOD 2024"]
[Site "Komenda"]
[Date "2024.10.13"]
[Round "6.5"]
[White "Marinko, Peter"]
[Black "Praznik, Niko"]
[Result "0-1"]
[WhiteElo "2074"]
[BlackElo "2313"]
[PlyCount "120"]
[EventDate "2024.09.27"]
[WhiteTeam "TAJFUN - SK LJUBLJANA"]
[BlackTeam "SD VRHNIKA"]

1. Nf3 g6 2. c4 Bg7 3. d4 d6 4. e4 Bg4 5. Qb3 Qc8 6. Nbd2 Nf6 7. Bd3 O-O 8. h3
Bxf3 9. Nxf3 Nfd7 10. Bd2 e5 11. d5 Nc5 12. Qc2 a5 13. b3 Nba6 14. g4 f5 15.
gxf5 gxf5 16. Ng5 Nxd3+ 17. Qxd3 Nc5 18. Qe2 h6 19. Ne6 Nxe6 20. dxe6 Qxe6 21.
Rg1 Kh7 22. f3 Bf6 23. O-O-O a4 24. Qd3 f4 25. Bxf4 axb3 26. axb3 Ra1+ 27. Kc2
Rxd1 28. Kxd1 Bh4 29. Bd2 Qxh3 30. Rf1 Ra8 31. Kc2 Rf8 32. Ra1 Qxf3 33. Qxf3
Rxf3 34. Rh1 Bf2 35. Rxh6+ Kg7 36. Rh1 Bd4 37. Rh2 Kg8 38. Rh5 Be3 39. Bc3 Bf4
40. Rh1 Re3 41. Re1 Rh3 42. Re2 Kf7 43. b4 c6 44. Kb3 Be3 45. Kc2 Bd4 46. Bd2
b5 47. cxb5 cxb5 48. Rg2 Be3 49. Be1 Bf4 50. Re2 Ke6 51. Bf2 Rh2 52. Kd3 Rh3+
53. Kc2 d5 54. exd5+ Kxd5 55. Bc5 e4 56. Rf2 Rh2 57. Rxh2 Bxh2 58. Kb3 Bf4 59.
Kc3 Be5+ 60. Kd2 Bd6 0-1

[Event "I. ČLANSKA LIGA ZAHOD 2024"]
[Site "Komenda"]
[Date "2024.10.13"]
[Round "6.5"]
[White "Justin, Matjaz"]
[Black "Srebrnic, Vojko"]
[Result "1-0"]
[WhiteElo "2215"]
[BlackElo "2074"]
[PlyCount "51"]
[EventDate "2024.09.27"]
[WhiteTeam "SD VRHNIKA"]
[BlackTeam "TAJFUN - SK LJUBLJANA"]

1. e4 c5 2. Nf3 Nc6 3. Nc3 g6 4. d4 cxd4 5. Nxd4 Bg7 6. Be3 Nf6 7. Be2 O-O 8.
Nb3 d6 9. g4 e6 10. g5 Ne8 11. Qd2 f5 12. gxf6 Qxf6 13. O-O-O a5 14. a4 Nb4 15.
Kb1 Bd7 16. f4 Bc6 17. Nd4 e5 18. fxe5 Qxe5 19. Nf3 Qe7 20. Bc4+ Kh8 21. Ng5
Be5 22. h4 Ng7 23. Rdf1 Be8 24. Rxf8+ Qxf8 25. Rf1 Qe7 26. Qf2 1-0

[Event "I. ČLANSKA LIGA ZAHOD 2024"]
[Site "Komenda"]
[Date "2024.10.13"]
[Round "6.5"]
[White "Belyaletdinov, Leonard"]
[Black "Siraj, Anej"]
[Result "0-1"]
[WhiteElo "1843"]
[BlackElo "2075"]
[PlyCount "84"]
[EventDate "2024.09.27"]
[WhiteTeam "TAJFUN - SK LJUBLJANA"]
[BlackTeam "SD VRHNIKA"]

1. e4 e5 2. Nf3 Nc6 3. Bc4 Bc5 4. c3 d6 5. O-O Nf6 6. d4 exd4 7. cxd4 Bb6 8.
Bg5 h6 9. Bxf6 Qxf6 10. e5 dxe5 11. dxe5 Qe7 12. e6 fxe6 13. Nc3 O-O 14. Qe2
Bd7 15. Rad1 Rae8 16. Qd3 Bc8 17. Qe4 Rf6 18. Bd3 g6 19. Qh4 Kg7 20. Qg3 Ref8
21. Rde1 Qf7 22. h4 e5 23. Nxe5 Nxe5 24. Qxe5 Kg8 25. Ne4 Bxf2+ 26. Kh1 Rf5 27.
Rxf2 Rxe5 28. Rxf7 Kxf7 29. Ng5+ hxg5 30. Rxe5 gxh4 31. Rg5 Rd8 32. Be4 Kf6 33.
Ra5 Rd1+ 34. Kh2 a6 35. Ra3 Rd2 36. Rf3+ Bf5 37. Rf4 h3 38. Kh1 hxg2+ 39. Kg1
Ke5 40. Rf3 Bxe4 41. Rg3 Kf4 42. Kh2 g1=Q+ 0-1